LEADER 01362nam0-2200457-i-450- 001 990009624780403321 005 20120926120311.0 010 $a978-3-642-25846-6$bhardback 035 $a000962478 035 $aFED01000962478 035 $a(Aleph)000962478FED01 035 $a000962478 100 $a20120926d2012----km-y0itay50------ba 101 0 $aeng 102 $aDE 105 $aa---a---001yy 200 1 $aRandom pertubations of dynamical systems$fMark I. Freidlin, Alexander D. Wentzell$gtranslated by Joseph Szücs 205 $a3. ed. 210 $aBerlin$cSpringer$d2012 215 $aXXVIII, 458 p.$d24 cm 225 1 $a<>Grundlehren der mathematischen Wissenschaften$v260 300 $aCon 46 illustrazioni 610 0 $aDeviazioni larghe 610 0 $aPerturbazioni 610 0 $aEquazioni differenziali ordinarie stocastiche 610 0 $aProcessi di diffusione 676 $a519.2$v21$zita 700 1$aFreidlin,$bMark I.$055717 701 1$aWentzell,$bAlexander D.$046977 702 1$aSzucs,$bJoseph 801 0$aIT$bUNINA$gREICAT$2UNIMARC 901 $aBK 912 $a990009624780403321 952 $aC-20-(260-3ED$b25440$fMA1 959 $aMA1 962 $a60F10 962 $a34E10 962 $a60H10 962 $a60J60 996 $aRandom pertubations of dynamical systems$9848351 997 $aUNINA LEADER 01870nam 2200517Ia 450 001 9910702122003321 005 20121026135315.0 035 $a(CKB)5470000002424921 035 $a(OCoLC)814523303 035 $a(EXLCZ)995470000002424921 100 $a20121026d2012 ua 0 101 0 $aeng 135 $aurcn||||||||| 181 $ctxt$2rdacontent 182 $cc$2rdamedia 183 $acr$2rdacarrier 200 10$aAnalysis of water extraction from lunar regolith$b[electronic resource] /$fU. Hegde and R. Balasubramaniam, S. Gokoglu 210 1$aCleveland, Ohio :$cNational Aeronautics and Space Administration, Glenn Research Center,$d[2012] 215 $a1 online resource (11 pages) $ccolor illustrations 225 1 $aNASA/TM ;$v2012-217441 300 $aTitle from title screen (viewed on Oct. 26, 2012). 300 $a"May 2012." 300 $a"Prepared for the 50th Aerospace Science Conference sponsored by the American Institute of Aeronautics and Astraonautics, Nashville, Tennessee, January 9-12, 2012." 300 $a"AIAA-2012-0634." 320 $aIncludes bibliographical references (page 11). 606 $aWater vapor$2nasat 606 $aVapor pressure$2nasat 606 $aExtraction$2nasat 606 $aLunar rocks$2nasat 606 $aRegolith$2nasat 615 7$aWater vapor. 615 7$aVapor pressure. 615 7$aExtraction. 615 7$aLunar rocks. 615 7$aRegolith. 700 $aHegde$b U$01393491 701 $aBalasubramaniam$b R$01033375 701 $aGokoglu$b S$01393492 712 02$aNASA Glenn Research Center. 712 12$aAIAA Aerospace Sciences Meeting$d(50th :$f2012 :$eNashville, Tenn.) 801 0$bGPO 801 1$bGPO 906 $aBOOK 912 $a9910702122003321 996 $aAnalysis of water extraction from lunar regolith$93449678 997 $aUNINA LEADER 01511oam 22004214a 450 001 9910793809103321 005 20200716185108.0 010 $a1-4962-1921-X 035 $a(CKB)4100000010103458 035 $a(OCoLC)1137741906 035 $a(MdBmJHUP)muse74821 035 $a(MiAaPQ)EBC6020910 035 $a(EXLCZ)994100000010103458 100 $a20190411g20199999 uy 0 101 0 $aeng 135 $aur|||||||nn|n 181 $ctxt$2rdacontent 182 $cc$2rdamedia 183 $acr$2rdacarrier 200 02$aA Grammar of Upper Tanana, Volume 1 $ephonology, lexical Classes, morphology 210 1$aLincoln :$cUniversity of Nebraska Press,$d[2019]- 210 3$aBaltimore, Md. :$cProject MUSE,$d2020 210 4$d©[2019]- 215 $a1 online resource (2 volumes cm) 311 $a1-4962-1315-7 320 $aIncludes bibliographical references. 327 $avolume 1. Phonology, lexical classes, morphology / Olga Lovick. 330 $a"A Grammar of Upper Tanana is a comprehensive text that performs the impressive task of providing a linguistically accurate written record of the endangered Upper Tanana language"--$cProvided by publisher. 606 $aUpper Tanana language$xGrammar 615 0$aUpper Tanana language$xGrammar. 676 $a497/.2 702 $aLovick$b Olga Charlotte 801 0$bMdBmJHUP 801 1$bMdBmJHUP 906 $aBOOK 912 $a9910793809103321 996 $aA Grammar of Upper Tanana, Volume 1$93765638 997 $aUNINA